000
00196 a2200097 4500
020
_a
070999007991
041
_a
eng
100
_a
Terry Brooks
245
_a
The Elfstones of Shannara
942
_c
BK
999
_c
30587
_d
30585